Bland v Ingram's Estates Ltd (Record no. 67593)
[ view plain ]
| 000 -LEADER | |
|---|---|
| fixed length control field | 01802cam a2200265 4500 |
| 001 - CONTROL NUMBER | |
| control field | ABS64167 |
| 008 - FIXED-LENGTH DATA ELEMENTS--GENERAL INFORMATION | |
| fixed length control field | 000000n2001 000 0 eng u |
| 035 ## - SYSTEM CONTROL NUMBER | |
| System control number | (Sirsi) u113449 |
| 245 ## - TITLE STATEMENT | |
| Title | Bland v Ingram's Estates Ltd |
| 260 ## - PUBLICATION, DISTRIBUTION, ETC. | |
| Date of publication, distribution, etc. | 2001 |
| 490 ## - SERIES STATEMENT | |
| Series statement | Estates Gazette |
| Volume/sequential designation | [2001] 24 EG 163-174(12) |
| 520 ## - SUMMARY, ETC. | |
| Summary, etc. | CA 21 December 2000. The claimant (C) surrendered the lease of a restaurant to the first defendant landlord (I), who then granted a new lease to Mr & Mrs B (B) who in turn agreed to pay C for the business in instalments. When B failed to pay certain instalments C obtained summary judgement against them and, later, two charging orders which were registered pursuant to the Land Charges Act 1972. After the lease was forfeited for arrears of rent a new lease was granted to the second (U) and third (F) defendants. C then brought an application, which was dismissed, for relief from forfeiture whilst an injunction was granted against U on cross-undertakings in damages by the C in an action bought by B against U and F regarding the ownership of chattels. C and U appealed. "Held": The appeal was allowed in the forfeiture action, on the grounds that as an equitable chargee of a lease forfeited for non-payment C could seek relief indirectly as there was an implied obligation on the chargor to take reasonable steps to preserve the chargee's security, but dismissed in the chattels action. |
| 590 ## - LOCAL NOTE (RLIN) | |
| Local note | ABS |
| 650 ## - SUBJECT ADDED ENTRY--TOPICAL TERM | |
| Topical term or geographic name entry element | ARREARS |
| 650 ## - SUBJECT ADDED ENTRY--TOPICAL TERM | |
| Topical term or geographic name entry element | CHATTELS |
| 650 ## - SUBJECT ADDED ENTRY--TOPICAL TERM | |
| Topical term or geographic name entry element | BLAND V INGRAMS ESTATES LTD |
| 650 ## - SUBJECT ADDED ENTRY--TOPICAL TERM | |
| Topical term or geographic name entry element | BLAND V INGRAM'S ESTATES LTD AND OTHERS (NO2) |
| 650 ## - SUBJECT ADDED ENTRY--TOPICAL TERM | |
| Topical term or geographic name entry element | OWNERSHIP |
| 650 ## - SUBJECT ADDED ENTRY--TOPICAL TERM | |
| Topical term or geographic name entry element | RELIEF |
| 650 ## - SUBJECT ADDED ENTRY--TOPICAL TERM | |
| Topical term or geographic name entry element | RELIEF FROM FORFEITURE |
| 650 ## - SUBJECT ADDED ENTRY--TOPICAL TERM | |
| Topical term or geographic name entry element | EQUITABLE CHARGES |
| 650 ## - SUBJECT ADDED ENTRY--TOPICAL TERM | |
| Topical term or geographic name entry element | RENT ARREARS |
| 690 ## - LOCAL SUBJECT ADDED ENTRY--TOPICAL TERM (OCLC, RLIN) | |
| Topical term or geographic name as entry element | LANDLORD AND TENANT-BUSINESS TENANCIES-CASE LAW |
| 942 ## - ADDED ENTRY ELEMENTS (KOHA) | |
| Suppress in OPAC | 0 |
| Withdrawn status | Lost status | Source of classification or shelving scheme | Damaged status | Not for loan | Home library | Current library | Shelving location | Date acquired | Total Checkouts | Full call number | Barcode | Date last seen | Copy number | Price effective from | Koha item type |
|---|---|---|---|---|---|---|---|---|---|---|---|---|---|---|---|
| Dewey Decimal Classification | London | London | Journal article | 04/07/2001 | ABS64167 | 113449-1001 | 06/08/2019 | 1 | 06/08/2019 | Law report |